000 01745nam a2200493 i 4500
001 39917
003 KOSZ 005
005 20240405063117.0
008 000509s1999 pl f |000 0 pol
015 _aPB 2000/8575
020 _a8387704180
035 _a991013877169705066
035 _a(PL-WaBN)b13733102-48omnis_nlop
035 _ab13733102
035 _a(OCoLC)69476838
035 _a(PL)b0000001373310
035 _a(EXLNZ-48OMNIS_NETWORK)9910503643605606
040 _aWA N
_cWA N
_dKOSZ 005/HR
_dKOSZ 005/ID
041 0 _apol
046 _k1999
080 _a659.3(438)"1989/..."
080 _a07(438)
100 1 _aAdamczyk, Wojciech
_d(1970- )
_eAutor
245 1 0 _aMedia masowe w procesie budowania demokracji w Polsce (1989-1995) /
_cWojciech Adamczyk ; Uniwersytet im. Adama Mickiewicza w Poznaniu. Wydział Nauk Społecznych. Instytut Nauk Politycznych i Dziennikarstwa.
260 _aPoznań :
_bUAM,
_c1999.
300 _a259 s. ;
_c24 cm.
336 _2rdacontent
_aTekst
_btxt
337 _2rdamedia
_bn
_aBez urządzenia pośredniczącego
338 _2rdacarrier
_aWolumin
_bnc
380 _aKsiążki
380 _aPublikacje naukowe
388 _a1901-2000
388 _a1989-2000
504 _aBibliogr.
648 7 _a1901-2000
648 7 _a1989-2000
650 7 _aŚrodki masowego przekazu
651 7 _aPolska
_2DBN
658 _aMedia i komunikacja społeczna
710 2 _aWydział Nauk Politycznych i Dziennikarstwa (Uniwersytet im. Adama Mickiewicza ; Poznań)
856 _uhttp://koha.tu.koszalin.pl/cgi-bin/koha/opac-detail.pl?biblionumber=36917
_zKatalog online BPK
942 _2UKD
_cKS
999 _c36917
_d36917